000 00611nam a2200253Ia 4500
005 20260306152738.0
008 008 260114s9999 xx 000 0 eng d
020 _a9788189981372
037 _aEBOOK
040 _aCRL
040 _beng
040 _cCRL
041 _2eng
041 _aeng
084 _qCRL
100 _aRavi Ranjan
245 0 _aThoughts of Mahatma Gandhi
260 _bSwastik Publisher and Distributors
260 _c2009
856 _uhttps://www.asapglobe.com/searchtitles.aspx?query=9788189981372
942 _cEBOOK
999 _c1701359
_d1701359